[Event "Mondiale Lampo FIDE 2017"]
[Site "Riyadh"]
[Date "29.12.2017"]
[Round "3.21"]
[White "Moiseenko, Alexander"]
[Black "Anand, Viswanathan"]
[Result "1/2-1/2"]
[WhiteTitle "GM"]
[BlackTitle "GM"]
[WhiteElo "2667"]
[BlackElo "2782"]
[WhiteFideId "14102560"]
[BlackFideId "5000017"]
[EventDate "2017.12.29"]

1. d4 Nf6 2. Bg5 Ne4 3. Bf4 d5 4. f3 Nd6 5. e4 dxe4 6. Nc3 e3 7. Bxe3 e6 8. Qd2
Nd7 9. O-O-O Be7 10. Bd3 Nb6 11. Qe2 Nd5 12. Nxd5 exd5 13. Bf4 O-O 14. g4 Re8
15. Kb1 Bf8 16. Qf2 Nc4 17. h4 b5 18. h5 Qe7 19. Nh3 Nxb2 20. Kxb2 Qb4+ 21. Ka1
Qc3+ 22. Kb1 1/2-1/2

[Event "Mondiale Lampo FIDE 2017"]
[Site "Riyadh"]
[Date "29.12.2017"]
[Round "3.22"]
[White "Grischuk, Alexander"]
[Black "Ni, Hua"]
[Result "1-0"]
[WhiteTitle "GM"]
[BlackTitle "GM"]
[WhiteElo "2772"]
[BlackElo "2671"]
[WhiteFideId "4126025"]
[BlackFideId "8601160"]
[EventDate "2017.12.29"]

1. e4 e5 2. Nf3 Nf6 3. Nxe5 d6 4. Nf3 Nxe4 5. d4 d5 6. Bd3 Bf5 7. O-O Be7 8. c4
dxc4 9. Bxc4 O-O 10. Nc3 Nxc3 11. bxc3 Nd7 12. Re1 c5 13. dxc5 Bxc5 14. Nd4 Nb6
15. Bb3 Bg6 16. Qf3 Re8 17. Be3 Qd7 18. Rad1 Be4 19. Qg3 Bd6 20. Bf4 Bxf4 21.
Qxf4 Bd5 22. Nf5 Rxe1+ 23. Rxe1 Re8 24. Rxe8+ Qxe8 25. h3 Bxb3 26. axb3 g6 27.
Ne3 Nd7 28. Qc7 b5 29. Qxa7 Qe6 30. Qa8+ Kg7 31. Qd5 Qxd5 32. Nxd5 Nc5 33. b4
Ne6 34. Kf1 f5 35. Ke2 Kf7 36. Kd3 g5 37. c4 bxc4+ 38. Kxc4 Ke8 39. b5 Kd7 40.
Nf6+ Kd6 41. Nxh7 g4 42. hxg4 fxg4 43. Nf6 g3 44. Ne4+ Ke5 45. Nxg3 Nf4 46. b6
Kd6 47. Ne4+ Kc6 48. g3 1-0

[Event "Mondiale Lampo FIDE 2017"]
[Site "Riyadh"]
[Date "29.12.2017"]
[Round "3.23"]
[White "Petrosian, Tigran L."]
[Black "Halkias, Stelios"]
[Result "1-0"]
[WhiteTitle "GM"]
[BlackTitle "GM"]
[WhiteElo "2601"]
[BlackElo "2571"]
[WhiteFideId "13301616"]
[BlackFideId "4201809"]
[EventDate "2017.12.29"]

1. Nf3 c5 2. g3 Nc6 3. Bg2 d5 4. O-O e6 5. d3 Bd6 6. e4 Nge7 7. Re1 Bc7 8. Nbd2
O-O 9. Qe2 b6 10. h4 a5 11. a4 Ba6 12. Nb1 d4 13. e5 Ng6 14. Ng5 Qd7 15. f4 h6
16. Ne4 Rae8 17. Na3 Ngxe5 18. fxe5 Nxe5 19. Bf4 f6 20. Nd2 Bb8 21. b3 g5 22.
hxg5 hxg5 23. Bxe5 Bxe5 24. Qg4 Bb8 25. Nac4 Qg7 26. Rxe6 f5 27. Qe2 Rd8 28. Re7
Qg6 29. Re6 Qg7 30. Rxb6 Bxc4 31. bxc4 Bxg3 32. Bd5+ Rf7 33. Rb7 Rf8 34. Rxf7
Rxf7 35. Qe8+ Kh7 36. Qxf7 Qxf7 37. Bxf7 1-0

[Event "Mondiale Lampo FIDE 2017"]
[Site "Riyadh"]
[Date "29.12.2017"]
[Round "3.24"]
[White "Malakhatko, Vadim"]
[Black "Safarli, Eltaj"]
[Result "1/2-1/2"]
[WhiteTitle "GM"]
[BlackTitle "GM"]
[WhiteElo "2542"]
[BlackElo "2639"]
[WhiteFideId "14104202"]
[BlackFideId "13402129"]
[EventDate "2017.12.29"]

1. c4 c5 2. g3 g6 3. Bg2 Bg7 4. Nc3 Nc6 5. a3 d6 6. Rb1 e6 7. d3 Nge7 8. Bg5 h6
9. Bd2 O-O 10. Qc1 Kh7 11. Nf3 Nf5 12. b4 Rb8 13. O-O b6 14. bxc5 dxc5 15. Bf4
e5 16. Bd2 Bb7 17. Re1 Re8 18. Nd5 Nce7 19. e4 Nd4 20. Nxd4 exd4 21. Bf4 Rc8 22.
a4 Nc6 23. Bd2 Ne5 24. Qc2 Bxd5 25. exd5 Qf6 26. a5 bxa5 27. Bxa5 Nf3+ 28. Bxf3
Qxf3 29. d6 Qc6 30. Bc7 Bf8 31. Qa2 Bxd6 32. Bxd6 Qxd6 33. Qxa7 Kg7 34. Qb7 Rb8
35. Qf3 Rxb1 36. Rxb1 h5 37. h4 Re7 1/2-1/2

[Event "Mondiale Lampo FIDE 2017"]
[Site "Riyadh"]
[Date "29.12.2017"]
[Round "3.25"]
[White "Kravtsiv, Martyn"]
[Black "Omar, Noaman"]
[Result "1-0"]
[WhiteTitle "GM"]
[BlackTitle "IM"]
[WhiteElo "2672"]
[BlackElo "2364"]
[WhiteFideId "14113147"]
[BlackFideId "9300244"]
[EventDate "2017.12.29"]

1. e4 c6 2. d4 d5 3. e5 Bf5 4. Nd2 e6 5. Nb3 Nd7 6. Nf3 c5 7. dxc5 Bxc5 8. Nxc5
Nxc5 9. Be3 Rc8 10. c3 Ne7 11. Bb5+ Kf8 12. Nd4 a6 13. Be2 Be4 14. O-O Nf5 15.
Nxf5 Bxf5 16. c4 Ke7 17. Qd4 h6 18. Rfd1 g5 19. Rac1 dxc4 20. Qxc5+ Rxc5 21.
Bxc5+ Ke8 22. Rxd8+ Kxd8 23. Rxc4 Kd7 24. Bd6 Rc8 25. Rxc8 Kxc8 26. f3 Kd7 27.
Kf2 Kc6 28. Ke3 b5 29. Kd4 h5 30. Be7 g4 31. fxg4 hxg4 32. a3 1-0

[Event "Mondiale Lampo FIDE 2017"]
[Site "Riyadh"]
[Date "29.12.2017"]
[Round "3.26"]
[White "Miton, Kamil"]
[Black "Adly, Ahmed"]
[Result "1-0"]
[WhiteTitle "GM"]
[BlackTitle "GM"]
[WhiteElo "2584"]
[BlackElo "2637"]
[WhiteFideId "1111914"]
[BlackFideId "10601619"]
[EventDate "2017.12.29"]

1. d4 Nf6 2. c4 e6 3. g3 c5 4. Nf3 b6 5. d5 exd5 6. cxd5 d6 7. Nc3 g6 8. Bg2 Bg7
9. O-O O-O 10. Nd2 Na6 11. Nc4 Nc7 12. Nxd6 Ba6 13. Nde4 Nfxd5 14. Nxd5 Nxd5 15.
Bg5 Qd7 16. Nc3 Bxc3 17. bxc3 Bc4 18. e4 Bxf1 19. Bxf1 Rfe8 20. exd5 Re5 21. Bf4
Rxd5 22. Qf3 Rd8 23. Re1 Rd1 24. Rxd1 Qxd1 25. Qb7 Qd7 26. Qe4 Re8 27. Qf3 Re1
28. Kg2 Kg7 29. Bc4 Qf5 30. h4 Qb1 31. Qd3 Rg1+ 32. Kf3 Qxd3+ 33. Bxd3 Ra1 34.
Bc4 a6 35. Bxa6 Rxa2 36. Bc4 Ra3 37. Ke4 f6 38. Bd2 Ra8 39. Bd5 Rd8 40. c4 Kf8
41. Bf4 Rd7 42. g4 Ke7 43. g5 f5+ 44. Ke5 Ra7 45. h5 Ra2 46. Be3 Rb2 47. h6 Ra2
48. Bg8 Kf8 49. Be6 Ke7 50. Bd5 Ra3 51. Bc6 Rc3 52. Bb5 Rd3 53. Bc6 Rc3 54. Bd5
Ra3 55. Kf4 Kd6 56. Bg8 Ra7 57. Kf3 Ke5 58. Bf4+ Kd4 59. Bd6 Rd7 60. Bf8 Rd8 61.
Bg7+ Kd3 62. Bxh7 Kxc4 63. Bxg6 b5 64. h7 b4 65. Bf7+ Kb5 66. Bg8 c4 67. h8=Q c3
68. Bxc3 Rd3+ 69. Ke2 Rxc3 70. Qd4 Ka5 71. Bc4 Ka4 72. Qa7# 1-0

[Event "Mondiale Lampo FIDE 2017"]
[Site "Riyadh"]
[Date "29.12.2017"]
[Round "3.27"]
[White "Zhigalko, Sergei"]
[Black "Leko, Peter"]
[Result "1-0"]
[WhiteTitle "GM"]
[BlackTitle "GM"]
[WhiteElo "2641"]
[BlackElo "2691"]
[WhiteFideId "13502956"]
[BlackFideId "703303"]
[EventDate "2017.12.29"]

1. e4 e5 2. Nf3 Nc6 3. Bb5 Nf6 4. d3 Bc5 5. Bxc6 dxc6 6. Nbd2 Nd7 7. Nc4 O-O 8.
Qe2 f6 9. h4 Nb6 10. Ne3 Be6 11. h5 a5 12. Nh4 a4 13. a3 Bd4 14. Nef5 Qd7 15.
Rh3 Bxf5 16. Nxf5 Kh8 17. Rg3 Rf7 18. c3 Bc5 19. Be3 Bxe3 20. Qxe3 Nc8 21. O-O-O
Nd6 22. Nxd6 cxd6 23. d4 Qe6 24. h6 g6 25. d5 Qd7 26. dxc6 bxc6 27. Qd2 d5 28.
exd5 cxd5 29. Qxd5 Qe8 30. Rgd3 Rb8 31. Qxf7 Qxf7 32. Rd8+ Qg8 33. Rxg8+ Kxg8
34. Rd7 Ra8 35. Rg7+ Kh8 36. g4 f5 37. gxf5 gxf5 38. Rf7 f4 39. Re7 Kg8 40. Rxe5
Ra6 41. Rg5+ Kf7 42. Rg7+ Kf6 43. Rxh7 Kg6 44. Rh8 Re6 45. Ra8 Kxh6 46. Rxa4 Kg5
47. Rd4 Kg4 48. c4 Kf3 49. Rd2 Re1+ 50. Kc2 Re2 51. c5 Kxf2 52. c6 f3 53. c7 1-0

[Event "Mondiale Lampo FIDE 2017"]
[Site "Riyadh"]
[Date "29.12.2017"]
[Round "3.29"]
[White "Mamedov, Rauf"]
[Black "Alekseev, Evgeny"]
[Result "1-0"]
[WhiteTitle "GM"]
[BlackTitle "GM"]
[WhiteElo "2709"]
[BlackElo "2616"]
[WhiteFideId "13401653"]
[BlackFideId "4138147"]
[EventDate "2017.12.29"]

1. e4 e5 2. Nc3 Nf6 3. g3 Nc6 4. Bg2 Bc5 5. d3 d6 6. h3 a6 7. Nge2 O-O 8. O-O
Be6 9. Kh2 d5 10. Bg5 dxe4 11. Nxe4 Be7 12. Bxf6 Bxf6 13. f4 Be7 14. f5 Bd7 15.
f6 gxf6 16. g4 f5 17. gxf5 f6 18. N2g3 Kh8 19. c3 Rg8 20. Bf3 Qf8 21. Qd2 Nd8
22. Rg1 Be8 23. Nh5 Bxh5 24. Bxh5 Nf7 25. Rxg8+ Qxg8 26. Rg1 Qf8 27. Qc2 Nd6 28.
Nc5 Qh6 29. Bg4 Qf4+ 30. Kh1 Rg8 31. Ne6 Qe3 32. Nxc7 Qh6 1-0

[Event "Mondiale Lampo FIDE 2017"]
[Site "Riyadh"]
[Date "29.12.2017"]
[Round "3.30"]
[White "Jobava, Baadur"]
[Black "Ponomariov, Ruslan"]
[Result "1-0"]
[WhiteTitle "GM"]
[BlackTitle "GM"]
[WhiteElo "2690"]
[BlackElo "2694"]
[WhiteFideId "13601520"]
[BlackFideId "14103320"]
[EventDate "2017.12.29"]

1. b3 Nf6 2. Bb2 e6 3. g3 d5 4. Bg2 Be7 5. Nf3 O-O 6. c4 b6 7. cxd5 exd5 8. O-O
Bb7 9. d4 Na6 10. Nbd2 c5 11. Ne5 Nc7 12. Ndf3 Ne6 13. Bh3 Ne4 14. Nxf7 Kxf7 15.
Ne5+ Kf6 16. dxc5 d4 17. c6 Kxe5 18. cxb7 Rb8 19. e3 Kd6 20. Bxd4 N6g5 21. Bxb6+ 1-0

[Event "Mondiale Lampo FIDE 2017"]
[Site "Riyadh"]
[Date "29.12.2017"]
[Round "3.31"]
[White "Esipenko, Andrey"]
[Black "McShane, Luke J"]
[Result "1-0"]
[WhiteTitle "FM"]
[BlackTitle "GM"]
[WhiteElo "2564"]
[BlackElo "2640"]
[WhiteFideId "24175439"]
[BlackFideId "404853"]
[EventDate "2017.12.29"]

1. d4 Nf6 2. c4 c5 3. d5 e5 4. Nc3 d6 5. e4 Be7 6. Nf3 Nbd7 7. h3 a6 8. a4 h5 9.
Be3 Nf8 10. Qd2 Ng6 11. g3 h4 12. g4 O-O 13. Be2 Rb8 14. Kf1 Nh7 15. Kg2 Bf6 16.
Rab1 Re8 17. Bd3 Nf4+ 18. Bxf4 exf4 19. Qxf4 Nf8 20. Ne2 g5 21. Qd2 Ng6 22. b4
cxb4 23. Qxb4 Be5 24. c5 dxc5 25. Qxc5 Bd7 26. a5 Nf4+ 27. Nxf4 Bxf4 28. Rb6 Bc7
29. Rh6 Kg7 30. Rh5 Bf4 31. e5 Rh8 32. Rxh8 Kxh8 33. Re1 Kg8 34. e6 fxe6 35.
dxe6 Bc6 36. Be4 Bb5 37. e7 Qd6 38. Qf5 Qh6 39. Bd5+ Kh8 40. Re6 Qg7 41. Rg6 Qh6
42. Rxh6+ Kg7 43. Qh7# 1-0

[Event "Mondiale Lampo FIDE 2017"]
[Site "Riyadh"]
[Date "29.12.2017"]
[Round "3.32"]
[White "Guseinov, Gadir"]
[Black "Adhiban, Baskaran"]
[Result "0-1"]
[WhiteTitle "GM"]
[BlackTitle "GM"]
[WhiteElo "2646"]
[BlackElo "2655"]
[WhiteFideId "13401378"]
[BlackFideId "5018471"]
[EventDate "2017.12.29"]

1. e4 g6 2. d4 Bg7 3. Nc3 a6 4. g3 d6 5. Bg2 Nc6 6. Nge2 e5 7. Be3 Nf6 8. h3 O-O
9. O-O exd4 10. Nxd4 Bd7 11. Re1 Re8 12. Kh2 h5 13. Nxc6 Bxc6 14. Bg5 Ng4+ 15.
Qxg4 hxg4 16. Bxd8 Raxd8 17. hxg4 Bd4 18. Kg1 Kg7 19. Rad1 Bxc3 20. bxc3 Re5 21.
f4 Ra5 22. e5 Bxg2 23. Kxg2 Rxa2 24. Re2 Re8 25. Kf3 dxe5 26. fxe5 Re7 27. g5
Ra5 28. Kf4 Rc5 29. Re3 a5 30. g4 b5 31. Rh1 a4 32. Rd1 a3 33. Ra1 Rc4+ 34. Kf3
Ra4 35. c4 b4 36. c5 a2 37. Ke2 Ra5 38. Kd2 Rxc5 39. Rxa2 Rcxe5 40. Rb3 c5 41.
Ra5 Rxg5 42. Rxb4 f5 43. Rc4 fxg4 44. Raxc5 Rxc5 45. Rxc5 Kh6 46. Rc3 Kh5 47.
Re3 Rf7 48. Ke2 Kh4 49. c4 g3 50. c5 g2 0-1

[Event "Mondiale Lampo FIDE 2017"]
[Site "Riyadh"]
[Date "29.12.2017"]
[Round "3.33"]
[White "Van Foreest, Jorden"]
[Black "Kokarev, Dmitry"]
[Result "1/2-1/2"]
[WhiteTitle "GM"]
[BlackTitle "GM"]
[WhiteElo "2629"]
[BlackElo "2615"]
[WhiteFideId "1039784"]
[BlackFideId "4132181"]
[EventDate "2017.12.29"]

1. e4 d6 2. d4 Nf6 3. Bd3 g6 4. Nf3 Bg7 5. O-O O-O 6. Re1 c5 7. c3 Bg4 8. Nbd2
Nfd7 9. h3 Bxf3 10. Nxf3 Nc6 11. Be3 a6 12. Qd2 Rc8 13. Rac1 b5 14. b4 Qc7 15.
a3 Rfd8 16. Qa2 c4 17. Bf1 e5 18. Red1 Nb6 19. g3 Ra8 20. Qd2 a5 21. Bh6 axb4
22. axb4 Qe7 23. Bg5 Bf6 24. Be3 Na4 25. d5 Nb8 26. h4 Nd7 27. h5 Nab6 28. Bh3
Ra3 29. Ra1 Rda8 30. Rxa3 Rxa3 31. Kg2 Na4 32. Rc1 Bg7 33. Bg5 Qe8 34. Rc2 Nf6
35. Qc1 Rb3 36. Nd2 Nxh5 37. Nxb3 cxb3 38. Rb2 Nxb2 39. Qxb2 Nf6 40. f3 Nd7 41.
Qxb3 Nb6 42. Kf2 Qf8 43. Be3 Nc4 44. Bf1 Nxe3 45. Kxe3 Bh6+ 46. Kf2 Qb8 47. Kg2
Bd2 48. Qc2 Bg5 49. Qd3 Qc7 50. Be2 h5 51. Qc2 Qb6 52. Qd3 Qc7 53. Qc2 Qb6 54.
Qd3 Qc7 55. Qc2 Qb6 1/2-1/2

[Event "Mondiale Lampo FIDE 2017"]
[Site "Riyadh"]
[Date "29.12.2017"]
[Round "3.34"]
[White "Mchedlishvili, Mikheil"]
[Black "Riazantsev, Alexander"]
[Result "0-1"]
[WhiteTitle "GM"]
[BlackTitle "GM"]
[WhiteElo "2603"]
[BlackElo "2650"]
[WhiteFideId "13600966"]
[BlackFideId "4125029"]
[EventDate "2017.12.29"]

1. d4 d5 2. c4 e6 3. Nf3 Nf6 4. Bg5 Be7 5. Nc3 h6 6. Bxf6 Bxf6 7. e3 O-O 8. Qb3
c6 9. Be2 Nd7 10. O-O b6 11. Rfd1 Bb7 12. Rac1 Re8 13. a3 g6 14. cxd5 exd5 15.
Bd3 Bg7 16. Bb1 Qe7 17. Re1 Nf6 18. Ba2 Kh7 19. Ne5 Nd7 20. Nd3 f5 21. f4 Rac8
22. Ne5 Bxe5 23. fxe5 Nf8 24. Bb1 Ne6 25. Rf1 Rf8 26. Rf2 Kg7 27. Rcf1 Qg5 28.
Ne2 Ba6 29. Bd3 Qxe3 30. Nc1 Nxd4 31. Qd1 Bxd3 32. Nxd3 Ne6 33. Kh1 c5 34. Re2
Qd4 35. Rd2 Qg4 36. Qe1 d4 37. b3 Qe4 38. Qd1 Qd5 39. a4 a6 40. Ra2 Rf7 41. Ra1
f4 42. Qg4 Rcf8 43. Ne1 Qxe5 44. Nf3 Qf5 45. Qh4 g5 46. Qe1 Nc7 47. a5 b5 48.
Qc1 Qd5 49. Qb2 b4 50. Rae1 Re8 51. Rxe8 Nxe8 52. Re1 Nf6 53. Re5 Qd6 54. Qe2 d3
55. Qd2 Ng4 56. Re8 Re7 57. Rxe7+ Qxe7 58. h3 Ne5 59. Qe1 Kf6 60. Nd2 Nc6 61.
Qa1+ Nd4 62. Nf3 Qe3 63. Nh2 Kg6 64. Ng4 Qe2 0-1

[Event "Mondiale Lampo FIDE 2017"]
[Site "Riyadh"]
[Date "29.12.2017"]
[Round "3.35"]
[White "Bu, Xiangzhi"]
[Black "Grigoriants, Sergey"]
[Result "0-1"]
[WhiteTitle "GM"]
[BlackTitle "GM"]
[WhiteElo "2730"]
[BlackElo "2561"]
[WhiteFideId "8601445"]
[BlackFideId "4130804"]
[EventDate "2017.12.29"]

1. Nf3 d5 2. d4 Nf6 3. c4 c6 4. Qc2 g6 5. Bf4 Bf5 6. Qb3 Qb6 7. c5 Qxb3 8. axb3
Bxb1 9. Rxb1 Nbd7 10. Ra1 Bg7 11. b4 O-O 12. e3 a6 13. h3 Ne4 14. Bd3 Rfe8 15.
Bxe4 dxe4 16. Nd2 e5 17. dxe5 Bxe5 18. Nc4 Bxf4 19. exf4 Nf6 20. Nd6 Re7 21. g3
Nd5 22. Ra4 e3 23. Ke2 Rd8 24. Rd1 Rdd7 25. Rd3 exf2+ 26. Kxf2 Re6 27. Rd2 h5
28. b5 axb5 29. Ra8+ Kh7 30. Rb8 b6 31. f5 gxf5 32. Nxf5 bxc5 33. g4 hxg4 34.
hxg4 Nf6 35. Rxd7 Nxd7 36. Rb7 Ne5 37. Kg3 c4 38. Kf4 Kg6 39. Nh4+ Kg7 40. Nf5+
Kg6 41. Nh4+ Kh7 42. Nf5 Nd3+ 43. Kg5 Rg6+ 44. Kh4 Ne5 45. Ne3 Kg7 46. Kg3 Kf6
47. Rc7 Ke6 48. Rc8 Kd7 49. Rf8 Ke7 50. Rc8 Kd7 51. Rf8 Kd6 52. Nf5+ Kc5 53. Kf4
Nd3+ 54. Kf3 Ne5+ 55. Ke4 Nd7 56. Rxf7 Rxg4+ 57. Ke3 Ne5 58. Re7 Nd3 59. b3 Nb2
60. bxc4 Nxc4+ 61. Kd3 Rg5 62. Ng7 Rd5+ 63. Kc2 Kb4 64. Re4 Re5 65. Rg4 Re2+ 66.
Kd1 Re7 67. Nf5 Rd7+ 68. Kc2 Kc5 69. Ng3 Ne3+ 0-1

[Event "Mondiale Lampo FIDE 2017"]
[Site "Riyadh"]
[Date "29.12.2017"]
[Round "3.36"]
[White "Rakhmanov, Aleksandr"]
[Black "Melkumyan, Hrant"]
[Result "0-1"]
[WhiteTitle "GM"]
[BlackTitle "GM"]
[WhiteElo "2653"]
[BlackElo "2633"]
[WhiteFideId "4173708"]
[BlackFideId "13302485"]
[EventDate "2017.12.29"]

1. c4 e6 2. e4 d5 3. exd5 exd5 4. d4 Nf6 5. Nc3 Bb4 6. Bd3 O-O 7. Ne2 dxc4 8.
Bxc4 Nbd7 9. O-O Nb6 10. Bb3 c6 11. Bg5 Be7 12. Re1 Bg4 13. f3 Bf5 14. Ng3 Bg6
15. f4 h6 16. f5 Bh7 17. Bh4 Qd7 18. Qd3 Rae8 19. Rad1 Bd8 20. Re5 Ng4 21. Rxe8
Rxe8 22. Bxd8 Qxd8 23. Qf3 Qh4 24. h3 Ne3 25. Rd3 Nec4 26. Nce4 Qd8 27. Nh5 Qh4
28. Nhg3 Rd8 29. Qf2 Nd6 30. Re3 Nxe4 31. Rxe4 Qg5 32. Rg4 Qc1+ 33. Kh2 Nd5 34.
Nh5 Ne3 35. Rxg7+ Kh8 36. Rxh7+ Kxh7 37. Ng3 Rg8 38. f6 Nd5 39. Qf5+ Rg6 40. Qd7
Rxf6 41. Bxd5 cxd5 42. Qxd5 Qf4 43. Qh5 Rg6 44. Qf3 Qxf3 45. gxf3 Rd6 46. Ne2
Rb6 47. b3 Rc6 48. Kg3 Rc2 49. Nf4 Rxa2 50. Nd3 Rd2 51. Nc5 Rxd4 52. Nxb7 Rb4
53. Nd8 Rxb3 54. Nxf7 a5 0-1

[Event "Mondiale Lampo FIDE 2017"]
[Site "Riyadh"]
[Date "29.12.2017"]
[Round "3.37"]
[White "Wang, Yue"]
[Black "Al-Modiahki, Mohamad"]
[Result "1/2-1/2"]
[WhiteTitle "GM"]
[BlackTitle "GM"]
[WhiteElo "2690"]
[BlackElo "2542"]
[WhiteFideId "8601429"]
[BlackFideId "12100030"]
[EventDate "2017.12.29"]

1. d4 Nf6 2. Bf4 d6 3. e3 g6 4. h3 Bg7 5. Nf3 O-O 6. Be2 b6 7. O-O Bb7 8. a4 a6
9. Bh2 Nbd7 10. Nbd2 Re8 11. c3 e5 12. dxe5 Nxe5 13. Nxe5 dxe5 14. Nc4 Ne4 15.
Qxd8 Raxd8 16. Rfd1 Rxd1+ 17. Rxd1 Nc5 18. a5 b5 19. Na3 Na4 20. Rd2 Bc6 21. Nc2
Nc5 22. Nb4 Bb7 23. Bd1 Kf8 24. Kf1 Rc8 25. f3 Ke8 26. Bc2 Rd8 27. Rxd8+ Kxd8
28. e4 f6 29. Bg1 Bf8 30. Ke2 Kd7 31. Nd5 Bxd5 32. exd5 Kd6 33. b4 Na4 34. c4
Kd7 35. cxb5 Nc3+ 36. Kd3 Nxb5 37. Bc5 Bd6 38. Ba4 c6 39. dxc6+ Kxc6 40. Kc4
Bxc5 41. bxc5 f5 42. Kb4 e4 43. fxe4 fxe4 44. Kc4 e3 45. Bd1 Na3+ 46. Kb4 Nc2+
47. Kc4 Na3+ 48. Kb4 Nc2+ 49. Kc3 Na3 50. Kd4 Nc2+ 51. Kd3 Ne1+ 52. Kc4 Nxg2 53.
Bf3+ Kc7 54. Kd3 Nf4+ 55. Kxe3 Ne6 56. c6 Nd8 57. Be2 Nxc6 58. Bxa6 Nxa5 59. Kf4
Kd6 60. Kg5 Ke7 61. Kh6 Kf6 62. Kxh7 g5 63. Kh6 Nc6 1/2-1/2

[Event "Mondiale Lampo FIDE 2017"]
[Site "Riyadh"]
[Date "29.12.2017"]
[Round "3.38"]
[White "Sethuraman, S.P."]
[Black "Almasi, Zoltan"]
[Result "0-1"]
[WhiteTitle "GM"]
[BlackTitle "GM"]
[WhiteElo "2646"]
[BlackElo "2682"]
[WhiteFideId "5021596"]
[BlackFideId "702293"]
[EventDate "2017.12.29"]

1. e4 e5 2. Nf3 Nc6 3. Bb5 Nf6 4. d3 Bc5 5. Nc3 d6 6. Na4 Bb4+ 7. c3 Ba5 8. b4
Bb6 9. O-O O-O 10. h3 Ne7 11. Bc4 Ng6 12. Bb3 h6 13. Re1 Be6 14. Bc2 c6 15. Nxb6
axb6 16. a4 b5 17. Be3 bxa4 18. Bxa4 Qc7 19. Bc2 d5 20. Qe2 Rad8 21. Bd2 Rfe8
22. Red1 Nh5 23. Qf1 Nhf4 24. Be3 Qe7 25. Kh2 Qf6 26. Ng1 Bc8 27. g3 Ne6 28. Bb6
Rd7 29. Qe2 d4 30. c4 Ng5 31. Ra8 Kh7 32. Kg2 Ne6 33. Kh2 Rde7 34. Qf3 Qg5 35.
h4 Nxh4 36. gxh4 Qxh4+ 37. Nh3 Ng5 38. Qg3 Qxh3+ 39. Qxh3 Bxh3 40. Rda1 Bd7 41.
Rxe8 Rxe8 42. Ra7 Bc8 43. Kg3 h5 44. Bd1 g6 45. f4 exf4+ 46. Kxf4 Ne6+ 47. Kg3
Kh6 48. b5 cxb5 49. cxb5 g5 50. Ra2 h4+ 51. Kf2 Nf4 52. Rd2 g4 53. Bxd4 g3+ 54.
Kg1 h3 55. Be3 Kg5 56. Rc2 b6 57. Rc7 Be6 58. Rc2 Rh8 59. Kh1 h2 60. Bf3 Ra8 61.
Rc1 Ra2 62. Bg2 Kg4 63. Bxf4 Kxf4 64. d4 Bg4 65. d5 Bf3 66. Rf1 Rxg2 0-1

[Event "Mondiale Lampo FIDE 2017"]
[Site "Riyadh"]
[Date "29.12.2017"]
[Round "3.39"]
[White "Pantsulaia, Levan"]
[Black "Ibrahimov, Rasul"]
[Result "1-0"]
[WhiteTitle "GM"]
[BlackTitle "GM"]
[WhiteElo "2612"]
[BlackElo "2518"]
[WhiteFideId "13602071"]
[BlackFideId "13400495"]
[EventDate "2017.12.29"]

1. Nf3 Nf6 2. g3 d5 3. Bg2 c6 4. c4 g6 5. b3 Bg7 6. Bb2 O-O 7. d3 a5 8. Nbd2 a4
9. b4 b5 10. O-O bxc4 11. dxc4 a3 12. Bc3 e6 13. Qb3 Nbd7 14. Rfd1 Bb7 15. e4
Qb6 16. c5 Qc7 17. exd5 exd5 18. Nd4 Rfe8 19. Re1 Ne5 20. Rad1 h5 21. Nb1 h4 22.
Nxa3 Neg4 23. Bb2 hxg3 24. Qxg3 Rxe1+ 25. Rxe1 Qc8 26. Bh3 1-0

[Event "Mondiale Lampo FIDE 2017"]
[Site "Riyadh"]
[Date "29.12.2017"]
[Round "3.40"]
[White "Al-Sayed, Mohammed"]
[Black "Saric, Ivan"]
[Result "1-0"]
[WhiteTitle "GM"]
[BlackTitle "GM"]
[WhiteElo "2511"]
[BlackElo "2669"]
[WhiteFideId "12100196"]
[BlackFideId "14508150"]
[EventDate "2017.12.29"]

1. d4 Nf6 2. Bf4 g6 3. e3 Bg7 4. c3 d6 5. Nd2 O-O 6. Bd3 e5 7. Bg5 Nbd7 8. Ne2
h6 9. Bh4 Qe7 10. O-O a5 11. a4 b6 12. b4 Bb7 13. bxa5 Rxa5 14. Nb3 Raa8 15. a5
g5 16. Bg3 Nh5 17. axb6 cxb6 18. Bf5 Ndf6 19. Qd3 Qc7 20. Nd2 Qc6 21. f3 Nxg3
22. Nxg3 Rfe8 23. Nde4 Nxe4 24. fxe4 Rxa1 25. Rxa1 Ra8 26. Rxa8+ Bxa8 27. d5 Qa4
28. h3 Bb7 29. Bg4 Bf8 30. Kh2 Ba6 31. Qb1 b5 32. Bd7 Qc4 33. Nf5 Qc5 34. Qb4
Qc7 1-0

[Event "Mondiale Lampo FIDE 2017"]
[Site "Riyadh"]
[Date "29.12.2017"]
[Round "3.41"]
[White "Cheparinov, Ivan"]
[Black "El Adnani, Mokliss"]
[Result "1-0"]
[WhiteTitle "GM"]
[BlackTitle "IM"]
[WhiteElo "2710"]
[BlackElo "2448"]
[WhiteFideId "2905540"]
[BlackFideId "9000410"]
[EventDate "2017.12.29"]

1. d4 Nf6 2. Nf3 g6 3. g3 Bg7 4. Bg2 O-O 5. c4 d5 6. O-O Nc6 7. Nbd2 a5 8. cxd5
Nxd5 9. e4 Nb6 10. d5 Nb4 11. Qe2 e6 12. a3 Na6 13. dxe6 Bxe6 14. Rd1 Qe7 15.
Rb1 Ba2 16. Ra1 Be6 17. Rb1 Ba2 18. Ra1 Be6 19. Nf1 Bb3 20. Re1 Bc4 21. Qc2 a4
22. Bg5 Qe6 23. N1d2 Bb3 24. Nxb3 axb3 25. Qe2 Nc5 26. e5 Rfe8 27. Rac1 Nba4 28.
Be3 Ra5 29. Bd4 Qa6 30. Qe3 Ne6 31. Bf1 Qa8 32. Qxb3 Nxd4 33. Nxd4 Raxe5 34.
Rxe5 Bxe5 35. Nf3 c6 36. Re1 Nc5 37. Qc4 Bd6 38. Rd1 Bf8 39. Ng5 Ne6 40. Ne4 Bg7
41. Rd2 Rd8 42. Qb4 Rxd2 43. Qxd2 Qd8 44. Qxd8+ Nxd8 45. b4 Bf8 46. Bc4 Kg7 47.
Kf1 f5 48. Nd2 Kf6 49. Ke2 Ne6 50. Nb3 Ke5 51. f4+ Kd6 52. Kd3 Nc7 53. Bg8 Ke7
54. Na5 Nb5 55. a4 Nd6 56. Nb3 Kf6 57. Nc5 h6 58. Bb3 Ke7 59. Bg8 g5 60. a5 gxf4
61. gxf4 h5 62. Bb3 Bh6 63. Nxb7 Bxf4 64. a6 Nc8 65. Na5 Na7 66. Bd1 h4 67. h3
Kd6 68. Kc4 Bd2 69. Nb3 Be1 70. Nd4 f4 71. Nf3 Bf2 72. Bc2 Nc8 73. Bf5 Nb6+ 74.
Kb3 Nd5 75. Be4 Nc7 76. Bd3 Nd5 77. Bc4 Nb6 78. Bd3 Nc8 79. Ng5 Na7 80. Ne4+ Kc7
81. Nxf2 Kb6 82. Bc4 Nb5 83. Bxb5 cxb5 84. Kc3 Kxa6 85. Kd4 Kb6 86. Ke4 Kc6 87.
Nd3 f3 88. Kxf3 Kd5 89. Ke3 Kc4 90. Ke4 Kc3 91. Ke3 Kc4 92. Kd2 Kd4 93. Nf4 Kc4
94. Ng6 Kxb4 95. Nxh4 Ka3 96. Kc1 Ka2 97. Nf3 b4 98. Ne5 Kb3 99. Kd2 Ka2 100.
Nd3 b3 101. h4 1-0

[Event "Mondiale Lampo FIDE 2017"]
[Site "Riyadh"]
[Date "29.12.2017"]
[Round "3.42"]
[White "Fedorchuk, Sergey A."]
[Black "Eljanov, Pavel"]
[Result "1-0"]
[WhiteTitle "GM"]
[BlackTitle "GM"]
[WhiteElo "2648"]
[BlackElo "2711"]
[WhiteFideId "14102536"]
[BlackFideId "14102951"]
[EventDate "2017.12.29"]

1. e4 e5 2. Nf3 Nc6 3. Bb5 Nf6 4. d3 Bc5 5. O-O d6 6. c3 O-O 7. h3 a6 8. Ba4 Ba7
9. Be3 Bxe3 10. fxe3 Ne7 11. Nbd2 Ng6 12. Qe1 h6 13. Bb3 Qe7 14. Rf2 Be6 15. Nf1
Bxb3 16. axb3 Qe6 17. b4 c6 18. Ng3 d5 19. Qe2 dxe4 20. dxe4 Rad8 21. Raf1 Ne8
22. Nh2 Nd6 23. Ng4 f6 24. Nh2 Ne7 25. Qh5 Qf7 26. Qg4 Qg6 27. Qf3 Nc4 28. Nf5
Nxf5 29. exf5 Qf7 30. Re1 Nd2 31. Qg4 Qc4 32. e4 Qf7 33. Qg3 Kh8 34. Ng4 Nc4 35.
Qh4 Kh7 36. Ree2 Rd3 37. Rf3 Rfd8 38. Kh2 Rxf3 39. gxf3 Rd2 40. Qf2 Rxe2 41.
Qxe2 b5 42. Ne3 Nxe3 43. Qxe3 Qc4 44. Qd2 c5 45. bxc5 Qxc5 46. b4 Qc4 47. Kg2 h5
48. h4 Qb3 49. Kh2 Qb1 50. Qg2 Kh8 51. Qg6 Qb2+ 52. Kg3 Qxc3 53. Qxh5+ Kg8 54.
Qe8+ Kh7 55. Qg6+ Kh8 56. Qe8+ Kh7 57. Qh5+ Kg8 58. Qe8+ 1-0